<?xml version="1.0" encoding="UTF-8"?>
<record
    xmlns:xsi="http://www.w3.org/2001/XMLSchema-instance"
    xsi:schemaLocation="http://www.loc.gov/MARC21/slim http://www.loc.gov/standards/marcxml/schema/MARC21slim.xsd"
    xmlns="http://www.loc.gov/MARC21/slim">

  <leader>02115nam a2200397Ia 4500</leader>
  <controlfield tag="001">dia_6433</controlfield>
  <controlfield tag="003">CHAP</controlfield>
  <controlfield tag="005">20251021155752.0</controlfield>
  <controlfield tag="008">220117s2015    xx            000 0 und d</controlfield>
  <datafield tag="010" ind1=" " ind2=" ">
    <subfield code="a">177539</subfield>
  </datafield>
  <datafield tag="020" ind1=" " ind2=" ">
    <subfield code="a">978-607-437-351-6</subfield>
  </datafield>
  <datafield tag="040" ind1=" " ind2=" ">
    <subfield code="c">CHAP</subfield>
  </datafield>
  <datafield tag="082" ind1=" " ind2=" ">
    <subfield code="a">630.715 M63 2015</subfield>
  </datafield>
  <datafield tag="245" ind1=" " ind2=" ">
    <subfield code="a">Modelos alternativos de capacitaci&#xF3;n y extensi&#xF3;n comunitaria  /</subfield>
    <subfield code="c"> coordinaci&#xF3;n Jorge Aguilar &#xC1;vila y Vinicio Horacio Santoyo Cort&#xE9;s</subfield>
  </datafield>
  <datafield tag="260" ind1=" " ind2=" ">
    <subfield code="a">M&#xE9;xico  :</subfield>
    <subfield code="b"> UACh  :,</subfield>
    <subfield code="b"> Clave Editorial,</subfield>
    <subfield code="c">2015</subfield>
  </datafield>
  <datafield tag="300" ind1=" " ind2=" ">
    <subfield code="a">197 p.</subfield>
  </datafield>
  <datafield tag="440" ind1=" " ind2=" ">
    <subfield code="a">Agricultura</subfield>
    <subfield code="9">1173</subfield>
  </datafield>
  <datafield tag="503" ind1=" " ind2=" ">
    <subfield code="a">D.</subfield>
  </datafield>
  <datafield tag="504" ind1=" " ind2=" ">
    <subfield code="a">Incluye bibliograf&#xED;as</subfield>
  </datafield>
  <datafield tag="505" ind1=" " ind2=" ">
    <subfield code="a">Extensi&#xF3;n universitaria y extensi&#xF3;n agr&#xED;cola \ 2. Agencias de gesti&#xF3;n de la innovaci&#xF3;n \ 3. Centros de servicios ganaderos: un modelo de innovaci&#xF3;n ganadera orientado a resultados \ 4. Desarrollo humano y rural integral a trav&#xE9;s de la innovaci&#xF3;n agroempresarial, metodolog&#xED;a de extensionismo organizacional y tecnol&#xF3;gico \ 5. La casa Chapingo: la transferencia de tecnolog&#xED;a en regiones rurales e ind&#xED;genas \ 6. Las Escuelas Campesinas (ESCAMP) en M&#xE9;xico: una opci&#xF3;n de desarrollo regional \ 7. Las Escuelas de Campo (ECA): una estrategia de trabajo para zonas de alta marginaci&#xF3;n en M&#xE9;xico \ 8. Asistencia t&#xE9;cnica agropecuaria participativa con enfoque territorial \ 9. Modelo GGAVATT: una estrategia de transferencia de tecnolog&#xED;a para el sector pecuario en M&#xE9;xico</subfield>
  </datafield>
  <datafield tag="590" ind1=" " ind2=" ">
    <subfield code="a">S544 M63 2015</subfield>
  </datafield>
  <datafield tag="650" ind1=" " ind2=" ">
    <subfield code="a">Agentes de extensi&#xF3;n  </subfield>
    <subfield code="9">161441</subfield>
  </datafield>
  <datafield tag="650" ind1=" " ind2=" ">
    <subfield code="a">Educaci&#xF3;n de extensi&#xF3;n  </subfield>
    <subfield code="9">161442</subfield>
  </datafield>
  <datafield tag="650" ind1=" " ind2=" ">
    <subfield code="a">Educaci&#xF3;n y capacitaci&#xF3;n rural  </subfield>
    <subfield code="9">161126</subfield>
  </datafield>
  <datafield tag="650" ind1=" " ind2="0">
    <subfield code="a">Education programs</subfield>
    <subfield code="9">161443</subfield>
  </datafield>
  <datafield tag="650" ind1=" " ind2=" ">
    <subfield code="a">Extension agents</subfield>
    <subfield code="9">161444</subfield>
  </datafield>
  <datafield tag="650" ind1=" " ind2=" ">
    <subfield code="a">Extension education  </subfield>
    <subfield code="9">161445</subfield>
  </datafield>
  <datafield tag="650" ind1=" " ind2="0">
    <subfield code="a">Programas educacionales</subfield>
    <subfield code="9">161446</subfield>
  </datafield>
  <datafield tag="650" ind1=" " ind2=" ">
    <subfield code="a">Rural education and training  </subfield>
    <subfield code="9">161447</subfield>
  </datafield>
  <datafield tag="700" ind1=" " ind2=" ">
    <subfield code="a">Aguilar &#xC1;vila, Jorge, coord. </subfield>
    <subfield code="9">161448</subfield>
  </datafield>
  <datafield tag="700" ind1=" " ind2=" ">
    <subfield code="a">Santoyo Cort&#xE9;s, Vinicio Horacio, coord.</subfield>
    <subfield code="9">158284</subfield>
  </datafield>
  <datafield tag="901" ind1=" " ind2=" ">
    <subfield code="a">630.715 M63 2015</subfield>
  </datafield>
  <datafield tag="902" ind1=" " ind2=" ">
    <subfield code="a">A</subfield>
  </datafield>
  <datafield tag="905" ind1=" " ind2=" ">
    <subfield code="a">5232272015                          mx bimn8223223322spa16</subfield>
  </datafield>
  <datafield tag="942" ind1=" " ind2=" ">
    <subfield code="c">LIBRO</subfield>
    <subfield code="2">ddc</subfield>
  </datafield>
  <datafield tag="999" ind1=" " ind2=" ">
    <subfield code="c">177539</subfield>
    <subfield code="d">177539</subfield>
  </datafield>
  <datafield tag="952" ind1=" " ind2=" ">
    <subfield code="0">0</subfield>
    <subfield code="1">0</subfield>
    <subfield code="2">ddc</subfield>
    <subfield code="4">0</subfield>
    <subfield code="7">0</subfield>
    <subfield code="8">GRAL</subfield>
    <subfield code="a">IA_</subfield>
    <subfield code="b">IA_</subfield>
    <subfield code="c">1</subfield>
    <subfield code="d">2022-01-18</subfield>
    <subfield code="f">1</subfield>
    <subfield code="l">1</subfield>
    <subfield code="p">dia_000695</subfield>
    <subfield code="r">2025-10-29 16:56:05</subfield>
    <subfield code="s">2025-10-29</subfield>
    <subfield code="t">1</subfield>
    <subfield code="w">2022-01-18</subfield>
    <subfield code="y">LIBRO</subfield>
  </datafield>
</record>
